书目信息 |
| 题名: |
公务员录用考试专项教材
|
|
| 作者: | 李永新 主编 | |
| 分册: | 30天攻克申论写作 | |
| 出版信息: | 北京 人民日报出版社 2011 |
|
| 页数: | 224页 | |
| 开本: | 28cm | |
| 丛书名: | ||
| 单 册: | ||
| 中图分类: | D630.3 , H152.3 , D630.3 | |
| 科图分类: | ||
| 主题词: | 公务员--中国--考核--教材 , 写作 , 公文--写作--考核--教材 , 公务员 , 公文 , 政治--中国 | |
| 电子资源: | ||
| ISBN: | 978-7-5115-0375-6 | |
| 000 | 01112nam0 2200337 450 | |
| 001 | 1356651217 | |
| 005 | 20131009154456.62 | |
| 010 | @a978-7-5115-0375-6@dCNY32.00 | |
| 090 | @aD630@blyx | |
| 096 | @aD630@blyx | |
| 100 | @a20130307e20122011em y0chiy50 ea | |
| 101 | 0 | @achi |
| 102 | @aCN@b110000 | |
| 105 | @ay z 000yy | |
| 106 | @ar | |
| 200 | 1 | @a公务员录用考试专项教材@i30天攻克申论写作@b专著@e2013中公版@f李永新主编@Agong wu yuan lu yong kao shi zhuan xiang jiao cai |
| 210 | @a北京@c人民日报出版社@d2011@h2012重印 | |
| 215 | @a224页@d28cm | |
| 330 | @a本书把申论写作的相关知识归纳为申论文章写作原则、立意、结构、论证、个性表达、文章榜样以及备考策略七篇内容按照30天的学习计划进行安排。 | |
| 606 | 0 | @a公务员@y中国@x考核@j教材 |
| 606 | 0 | @a写作 |
| 606 | 0 | @a公文@x写作@x考核@j教材 |
| 606 | 0 | @a公务员 |
| 606 | 0 | @a公文 |
| 606 | 0 | @a政治@x中国 |
| 690 | @aD630.3@v5 | |
| 690 | @aH152.3@v5 | |
| 690 | @aD630.3@v4 | |
| 701 | 0 | @a李永新@c(公务员考试)@4主编@Ali yong xin |
| 801 | 0 | @aCN@b大连网信软件有限公司图书馆·11@c20131009 |
| 905 | @aZUCC@dD630.3@e184 | |
| 公务员录用考试专项教材.30天攻克申论写作:2013中公版/李永新主编.-北京:人民日报出版社,2011(2012重印 ) |
| 224页;28cm |
| ISBN 978-7-5115-0375-6:CNY32.00 |
| 本书把申论写作的相关知识归纳为申论文章写作原则、立意、结构、论证、个性表达、文章榜样以及备考策略七篇内容按照30天的学习计划进行安排。 |
| ● |
| 相关链接 |
|
|
|
|
正题名:公务员录用考试专项教材
索取号:D630.3/184
 
预约/预借
| 序号 | 登录号 | 条形码 | 馆藏地/架位号 | 状态 | 备注 |
| 1 | 0625834 | 206258342 | 第一样本阅览室/ [索取号:D630.3/184] | 在馆 |